000 00661nam a22002057a 4500
005 20251108174539.0
008 250721s2007 xx 000 0 ara d
082 1 4 _a576/أسا
100 1 _aصلاحات، محمد عادل
245 1 0 _aأساسيات علم الأحياء الدقيقة /
264 1 _aعمان :
_bدار تسنيم للنشر و التوزيع،
_c2007.
300 _a216 ص.
650 1 7 _aعلم الاحياا
650 1 7 _aعلم احياا الكاانات الدقيقه
700 1 _aعواد، سناء
700 1 _aالشنوي، محمد
700 1 _aالشناوي، هند
942 _2ddc
_cBK
999 _c111921
_d111921